Joueurs des Girondins de Bordeaux - Statistiques

Statistiques générales
  • Ce quiz a été pris 53 fois
    34 depuis la dernière actualisation
  • Le résultat moyen est 17 sur 21
Answers on the Grid
Answers color-coded by a green-red scale on the quiz's grid according to % correct below.
Zinedine Zidane
Bixente Lizarazu
Franck Ribéry
Aurélien Tchouameni
Hatem Ben Arfa
Kylian Mbappé
Alain Giresse
Benjamin Mendy
Olivier Giroud
Jules Koundé
Yohann Gourcuff
Gaëtan Laborde
Just Fontaine
Jean Grillot
Jean Pierre Papin
Paul Bernardoni
Benoît Costil
Alexandre Lacazette
Marwan Chamakh
Christophe Dugarry
Rio Mavuba
Pauleta
Maxim Choupo-Moting
Dylane Bakwa
Josh Maja
Benoît Tremoulinas
Pascal Obispo
Fransergio
Yohann Micoud
Adrien Rabiot
 
Statistiques - réponses
Réponse % Correct
Aurélien Tchouameni
100%
Bixente Lizarazu
100%
Zinedine Zidane
100%
Hatem Ben Arfa
95%
Jules Koundé
95%
Yohann Gourcuff
95%
Alain Giresse
86%
Gaëtan Laborde
86%
Josh Maja
82%
Benoît Costil
77%
Christophe Dugarry
77%
Dylane Bakwa
77%
Marwan Chamakh
77%
Rio Mavuba
77%
Benoît Tremoulinas
73%
Pauleta
73%
Fransergio
68%
Jean Grillot
68%
Paul Bernardoni
64%
Yohann Micoud
64%
Jean Pierre Papin
36%
Aucun quiz correspondant
Distribution des résultats
% des personnes avec chaque résultat
Percentile par nombre de réponses
Votre historique - résultats
Vous n’avez pas pris ce quiz depuis la dernière actualisation